Distance education/ (Record no. 195072)

MARC details
000 -LEADER
fixed length control field 00617nam a22001817a 4500
005 - DATE AND TIME OF LATEST TRANSACTION
control field 20230216115442.0
010 ## - LCCN (DPL NO)
LC control number ENG-136213
020 ## - INTERNATIONAL STANDARD BOOK NUMBER
International Standard Book Number 9788189102923
Terms of availability 700.00
035 ## - SYSTEM CONTROL NUMBER
System control number EN-119745
037 ## - SOURCE OF ACQUISITION
Source of stock number/acquisition DBAD/PUB
082 ## - DEWEY DECIMAL CLASSIFICATION NUMBER
Classification number 371.958
100 ## - MAIN ENTRY--PERSONAL NAME
Personal name Khan, Wasim Ahmad
245 ## - TITLE STATEMENT
Title Distance education/
Statement of responsibility, etc by Wasim Ahmad Khan
260 ## - PUBLICATION, DISTRIBUTION, ETC. (IMPRINT)
Place of publication, distribution, etc Rohini
Name of publisher, distributor, etc Prerna parkashan
Date of publication, distribution, etc 2011
270 ## - ADDRESS
Address C-13, Plot No. 2, D-5, Rose Apartment, Sector-14 Ext., Rohini
City Delhi
Postal code 110085
Telephone number 011-23240261
Fax number 011-23240261
Electronic mail address lakshaythani@hotmail.com
300 ## - PHYSICAL DESCRIPTION
Extent 272p.
Dimensions 22cm(pbk)
Other physical details Bibliography
942 ## - ADDED ENTRY ELEMENTS (KOHA)
Source of classification or shelving scheme Dewey Decimal Classification
Item type English Books
Classification part 371.958
Call number suffix KHA
Holdings
Withdrawn status Lost status Not for loan Collection code Home library Current library Date acquired Source of acquisition Cost, normal purchase price Full call number Barcode Copy number Cost, replacement price Koha item type
      Non-fiction Ashok Vihar Ashok Vihar 16/02/2023 DBAD/PUB 700.00 371.958 KHA EN-119745 1 700.00 English Books

© Delhi Public Library
Hit Counter
free hit counter